000 00405nam a22001697a 4500
003 MPLRDC
005 20220104142916.0
008 210129b ||||| |||| 00| 0 eng d
082 _a490.8 JYGL v.19
100 _a黄琪辉编
245 _a企业不良干部群相
_c
260 _a
_b大展出版社
_c1983
300 _b
490 _a经营管理;19
650 _a
942 _cBK
_o490.8 JYGL v.19
999 _c34777
_d34767